| 000 | 00352nam a22001457a 4500 | ||
|---|---|---|---|
| 008 | 210310b ||||| |||| 00| 0 eng d | ||
| 020 | _a9781133526797 | ||
| 041 | _aeng | ||
| 080 |
_210th _a004 |
||
| 082 | _a004 | ||
| 100 | _a28 | ||
| 101 | _aSHKI | ||
| 245 |
_aDatabase Systems Design, Implementation and Management _cCoronel, C |
||
| 942 |
_2udc _cBK |
||
| 999 |
_c56202 _d56202 |
||